| Tag |
First Indicator |
Second Indicator |
Subfields |
| LEADER |
00000cgm a2200000Ma 4500 |
| 001 |
in00005576113 |
| 006 |
m o c |
| 007 |
cr |n||||||||a |
| 007 |
vz |za|z| |
| 008 |
141205s1997 vau007 e o vleng d |
| 005 |
20241201232316.9 |
| 035 |
|
|
|a (OCoLC)ocn898210738
|
| 040 |
|
|
|a ALSTP
|b eng
|e pn
|c ALSTP
|d OCLCO
|d OCLCF
|d OCLCQ
|d OCLCO
|d OCLCA
|d OCLCQ
|d OCLCA
|d MNI
|d WYU
|d UPM
|d OCLCO
|
| 019 |
|
|
|a 1443949065
|
| 035 |
|
|
|a (OCoLC)898210738
|z (OCoLC)1443949065
|
| 049 |
|
|
|a TXAM
|
| 245 |
0 |
0 |
|a PBS newshour.
|p "X" marks the spot /
|c [Macneil-Lehrer Productions].
|
| 246 |
3 |
|
|a X marks the spot :
|b gender and sociability
|
| 260 |
|
|
|a Arlington, VA :
|b MacNeil-Lehrer Productions,
|c 1997.
|
| 300 |
|
|
|a 1 online resource (7 min.).
|
| 306 |
|
|
|a 000718
|
| 336 |
|
|
|a two-dimensional moving image
|b tdi
|2 rdacontent
|
| 337 |
|
|
|a computer
|b c
|2 rdamedia
|
| 338 |
|
|
|a online resource
|b cr
|2 rdacarrier
|
| 490 |
0 |
|
|a VAST: academic video online
|
| 500 |
|
|
|a Title from resource description page (viewed Dec. 9, 2014).
|
| 518 |
|
|
|a Originally aired 13 June 1997.
|
| 520 |
|
|
|a Scientific studies may make women's intuition less of a myth, suggesting now that women inherit the ability to decipher social situations from their fathers.
|
| 546 |
|
|
|a In English.
|
| 650 |
|
0 |
|a Behavior genetics.
|
| 650 |
|
0 |
|a Personality
|x Genetic aspects.
|
| 650 |
|
6 |
|a Génétique du comportement.
|
| 650 |
|
6 |
|a Personnalité
|x Aspect génétique.
|
| 650 |
|
7 |
|a Behavior genetics.
|2 fast
|0 (OCoLC)fst00829913
|
| 650 |
|
7 |
|a Personality
|x Genetic aspects.
|2 fast
|0 (OCoLC)fst01058671
|
| 655 |
|
4 |
|a Alexander Street Video.
|
| 655 |
|
7 |
|a Television news programs.
|2 fast
|0 (OCoLC)fst01710455
|
| 655 |
|
7 |
|a Television news programs.
|2 lcgft
|
| 655 |
|
7 |
|a Téléjournaux.
|2 rvmgf
|
| 700 |
1 |
|
|a Katz, Kathy S.
|4 ive
|
| 700 |
1 |
|
|a Gilbert, Fred.
|4 ive
|
| 700 |
1 |
|
|a Hunter-Gault, Charlayne.
|4 ivr
|
| 710 |
2 |
|
|a MacNeil/Lehrer Productions.
|4 prn
|
| 710 |
2 |
|
|a Public Broadcasting Service (U.S.)
|4 prn
|
| 856 |
4 |
0 |
|u http://proxy.library.tamu.edu/login?url=https://www.aspresolver.com/aspresolver.asp?AVN2;2326062
|z Connect to this streaming video (Alexander Street Press)
|t 0
|
| 955 |
|
|
|a Alexander Street Press subscription streaming video
|
| 994 |
|
|
|a 92
|b TXA
|
| 999 |
f |
f |
|s 2ce8c1e7-66c6-49a1-b9d0-c8d6b12e75df
|i af6a60ef-c823-4d33-9fdb-79a85dfd7c68
|t 0
|
| 952 |
f |
f |
|a Texas A&M University
|b College Station
|c Electronic Resources
|d Available Online
|t 0
|h Library of Congress classification
|
| 998 |
f |
f |
|t 0
|l Available Online
|